Commentarium textus Codicis iuris canonici
Saved in:
| Hovedforfatter: | |
|---|---|
| Format: | Bog |
| Sprog: | latin |
| Udgivet: |
Roma
Ex Typographia Pontificia in Instituto Pii X
1920
|
| Udgivelse: | 1a. ed |
| Fag: | |
| Tags: |
Tilføj Tag
Ingen Tags, Vær først til at tagge denne postø!
|
MARC
| LEADER | 00000cam a2200000 a 4500 | ||
|---|---|---|---|
| 001 | UCD1892 | ||
| 003 | CL-VaPUC | ||
| 008 | 160407e19200000it |||||||||||||||||lat|d | ||
| 082 | 0 | 4 | |a 262.92 |b BLA |2 21 |
| 100 | 0 | |a Blat, Alberto |e author |9 585044 | |
| 245 | 1 | 0 | |a Commentarium textus Codicis iuris canonici |
| 250 | |a 1a. ed | ||
| 300 | |a 805 p | ||
| 942 | |c BK | ||
| 945 | |d 20160407 22:05:00 |a dcastane | ||
| 260 | |a Roma |b Ex Typographia Pontificia in Instituto Pii X |c 1920 | ||
| 500 | |a liber III de Rebus. Pars I de Sacramentis | ||
| 650 | 0 | |a Derecho eclesiástico |9 255055 | |
| 650 | 7 | |a DERECHO CANONICO |2 CL-VaPUC |9 585045 | |
| 650 | 0 | |a Fuentes del derecho |9 255162 | |
| 583 | |a last modification |c 20160407 22:05:00 |k Rodrigo Vera | ||
| 999 | |c 363100 |d 363098 | ||
| 952 | |0 0 |1 0 |3 erb |4 0 |6 262_920000000000000_BLA_1920 |7 0 |8 X |9 474865 |a BIBTEO |b BIBTEO |c TEO_FFR |i 5279321 |o 262.92 BLA 1920 |p 5279321 |r 2024-01-18 |w 2019-11-24 |y BK_X |z Catalogado en:20160407 |k OFM | ||